000 00564nam a2200193 i 4500
001 128724
003 ES-MaACL
005 20230906193341.0
007 t|
008 070524s1962 sp ||||1| spa d
080 _a327(87)"1958/.."
080 _a327(042)
100 1 _aTarre Murzi, Alfredo.
_9109338
245 1 3 _aLa nueva diplomacia /
_cAlfredo Tarre Murzi ; prólogo de Juan Liscano.
260 _aMadrid :
_b[s.n.],
_c[1962] (
_fMinerva)
300 _aXXIV, 291 p. ;
_c20 cm.
700 1 _aLiscano, Juan.
_972533
852 _aES-MaACL
_jC-20688
_bR.50408
999 _c128724
_d128724